| 000 | 00435nam a2200205Ia 4500 | ||
|---|---|---|---|
| 001 | 11912 | ||
| 003 | GE_BSU | ||
| 008 | 181216s||||||||xx |||||||||||||| ||und|| | ||
| 020 | _a97805521424 | ||
| 040 | _cGE_BSU | ||
| 080 | _a821.111-312.4 | ||
| 100 | _aSteel,Danielle | ||
| 245 | 4 | _aThe Giet | |
| 260 | _aGreat Britain. | ||
| 260 | _bCorgi Books. | ||
| 260 | _c1995. | ||
| 300 | _a320p;20cm. | ||
| 653 | _aThe Giet | ||
| 942 | _cBK | ||
| 999 |
_c45089 _d45089 |
||